|
|
|
|
| LEADER |
00000nab a2200000 a 4500 |
| 001 |
vtls008963147 |
| 003 |
SK-MaSNL |
| 005 |
20260303070741.0 |
| 008 |
140301c2007 xo zr|p|||||||000 b|slo |
| 015 |
|
|
|a SNBRB2007/04
|2 snkbucl
|
| 038 |
|
|
|a SNKBUCL
|
| 040 |
|
|
|a SNKBUCL
|b slo
|c SNKBUCL
|e AACR2
|
| 041 |
0 |
|
|a slo
|
| 044 |
|
|
|a xo
|c SK
|
| 080 |
|
|
|a 792.54
|2 2001
|
| 100 |
1 |
|
|a Unger, Pavel,
|d 1951-
|4 aut
|9 340556
|
| 245 |
1 |
0 |
|a Dvakrát Taliansko: od bel canta ku grand opere
|c Pavel Unger
|
| 300 |
|
|
|b Fotogr.
|
| 600 |
1 |
7 |
|a Bellini, Vincenzo,
|d 1801-1835
|t Námesačná
|2 snkbucl
|9 100437
|
| 610 |
2 |
7 |
|a Teatro Filarmonico (Verona, Taliansko)
|2 snkbucl
|9 1068595
|
| 655 |
|
7 |
|a recenzie
|2 snkbucl
|9 21907
|
| 773 |
0 |
|
|t Hudobný život
|g Roč. XXXIX, č. 3 (2007), s. 28
|x 1335-4140
|
| 852 |
|
|
|a SNK
|b KIS3GCP
|
| 958 |
|
|
|a RC
|
| 958 |
|
|
|a IT
|
| 999 |
|
|
|c 1756767
|d 1758697
|